000 00455nam a2200157Ia 4500
008 100122s9999 xx 000 0 und d
082 _b56526
_a823
100 _aआपटे ह ना
245 _aवज्राघात
260 _bजतिन रांगणेकर
_c1999
300 _a212
630 _aवज्राघात
700 _aरांगणेकर जतिन
730 _aवज्राघात
942 _cBOOK
999 _c432935
_d432932